Un jardín en el mar / (Record no. 194060)

MARC details
000 -LEADER
campo de control de longitud fija 02684nam a22004211i 4500
001 - NÚMERO DE CONTROL
campo de control 194060
003 - IDENTIFICADOR DE NÚMERO DE CONTROL
campo de control SpMaBN
005 - FECHA Y HORA DE LA ÚLTIMA TRANSACCIÓN
campo de control 20250708195832.0
008 - DATOS DE LONGITUD FIJA--INFORMACIÓN GENERAL
campo de control de longitud fija 240405s2023 sp | |||| 000 f spa
015 ## - NÚMERO DE BIBLIOGRAFÍA NACIONAL
Número de bibliografía nacional MON23
017 ## - NÚMERO DE COPYRIGHT O DE DEPÓSITO LEGAL
Número de copyright o de depósito legal M 23025-2023
Agencia que asigna Oficina Depósito Legal Madrid
020 ## - NÚMERO INTERNACIONAL ESTÁNDAR DEL LIBRO
Número Internacional Estándar del Libro 9788413846606
040 ## - FUENTE DE CATALOGACIÓN
Centro catalogador/agencia de origen SpMaBN
Lengua de catalogación spa
Centro/agencia transcriptor SpMaBN
Normas de descripción rda
Centro/agencia modificador ES-MaACL
080 ## - NÚMERO DE LA CLASIFICACIÓN DECIMAL UNIVERSAL
Número de la Clasificación Decimal Universal 821.134.2-31"19"
100 1# - ENTRADA PRINCIPAL--NOMBRE DE PERSONA
Nombre de persona Méndez Jiménez, Pilar,
Fechas asociadas al nombre 1973-
9 (RLIN) 175711
Término indicativo de función/relación Autor
245 13 - MENCIÓN DEL TÍTULO
Título Un jardín en el mar /
Mención de responsabilidad, etc. Pilar Méndez Jiménez.
246 0# - FORMA VARIANTE DEL TITULO
Texto de visualización Subtítulo de la cubierta :
Título propio/Titulo breve Manila y Madrid, dos mundos que se alejan, unidos por un lazo invisible de mujeres en busca de su libertad
250 ## - MENCION DE EDICION
Mención de edición Primera edición: octubre de 2023
264 #1 - PRODUCCIÓN, PUBLICACIÓN, DISTRIBUCIÓN, FABRICACIÓN Y COPYRIGHT
Producción, publicación, distribución, fabricación y copyright Madrid :
Nombre del de productor, editor, distribuidor, fabricante La Esfera de los Libros,
Fecha de producción, publicación, distribución, fabricación o copyright [2023]
264 #4 - PRODUCCIÓN, PUBLICACIÓN, DISTRIBUCIÓN, FABRICACIÓN Y COPYRIGHT
Fecha de producción, publicación, distribución, fabricación o copyright ©2023
300 ## - DESCRIPCIÓN FÍSICA
Extensión 455 páginas ;
Dimensiones 24 cm
336 ## - TIPO DE CONTENIDO
Término de tipo de contenido Texto
Fuente rdacontent
337 ## - TIPO DE MEDIO
Nombre/término del tipo de medio sin mediación
Fuente rdamedia
338 ## - TIPO DE SOPORTE
Nombre/término del tipo de soporte volumen
Fuente rdacarrier
490 1# - MENCIÓN DE SERIE
Mención de serie Novela histórica
504 ## - NOTA DE BIBLIOGRAFÍA, ETC.
Nota de bibliografía, etc. Bibliografía: páginas 451-455
520 ## - RESUMEN, ETC.
Sumario, etc. ¿Puede la lealtad redimir el deseo de justicia? En el ocaso del imperio español, cuando Manila y Madrid pa- recen estar más lejos que nunca, tres mujeres unidas por los lazos del destino buscan un nuevo propósito para sus vidas. Elba, tras quedar viuda con su única hija en una pequeña aldea de Galicia, recibe una carta que la obligará a viajar a la capital es- pañola. Mientras tanto, Johanna, una joven aristócrata holandesa que reside en Manila, se encuentra con un hombre misterioso que parece haber perdido los recuerdos de su vida pasada. En medio de todo esto, Rosario, la primera mujer masona de las islas Filipinas, se convertirá en el puente entre ambos mundos, aleja- dos por el vasto oceano. Embárcate junto a ellas en este cruce de caminos lleno de mis- terio, romance y traición, y conoce los secretos que se ocultan tras la vesica piscis.
650 #4 - PUNTO DE ACCESO ADICIONAL DE MATERIA--TÉRMINO DE MATERIA
9 (RLIN) 15636
Término de materia o nombre geográfico como elemento de entrada Novela española-
Subdivisión cronológica S.XX
655 #7 - TERMINO DE INDIZACIÓN--GENERO/FORMA
Datos o término principal de género/forma Novelas de costumbres
Fuente del término tgfbne
9 (RLIN) 235110
830 ## - PUNTO DE ACCESO ADICIONAL DE SERIE-TÍTULO UNIFORME
9 (RLIN) 234263
Título uniforme Novela histórica (La Esfera de los Libros)
852 ## - LOCALIZACIÓN
Ubicación ES-MaACL
Sublocalización o colección R155117
Ubicación en estantería Depósito J
Número de control de estantería N-9856
Encuadernación Encuadernación rústica con solapas
Anotaciones manuscritas Dedicatoria autógrafa de la autora
Donativo/Legado Donación: Pilar Méndez Jiménez
itemnumber 201804
903 ## - NOMBRE PERSONAL DE DONANTE
9 175711
a Méndez Jiménez, Pilar,
d 1973-
e Donante
942 ## - ELEMENTOS DE ENTRADA SECUNDARIOS (KOHA)
Tipo de ítem Koha Libro impreso
Suprimir en OPAC No
Holdings
Estatus retirado Estado de pérdida Fuente del sistema de clasificación o colocación Estado de daño No para préstamo Colección Biblioteca de origen Biblioteca actual Ubicación en estantería Fecha de adquisición Fuente de adquisición Total de préstamos Signatura topográfica completa Código de barras Visto por última vez Precio de reemplazo Tipo de ítem Koha Nota pública
    Clasificación decimal universal     Libros con dedicatorias Biblioteca del Ateneo de Madrid Biblioteca del Ateneo de Madrid Depósito J 19/04/2024 Donación   N-9856 101227031 19/04/2024 19/04/2024 Libro impreso Dedicatoria autógrafa de la autora